000 00324nam a2200133Ia 4500
008 220204s9999 xx 000 0 und d
082 _a681.14DBA
_bSTU
100 _aStultz, Russell A
245 0 _adBase III plus
260 _aNew Delhi
_bBPB
_c1987
650 _aComputer science
650 _aDbase III plus
942 _cBK
999 _c39738
_d39738